|
|
|
|
| LEADER |
03347nam a22005655i 4500 |
| 001 |
978-3-319-05359-2 |
| 003 |
DE-He213 |
| 005 |
20151120135033.0 |
| 007 |
cr nn 008mamaa |
| 008 |
140214s2014 gw | s |||| 0|eng d |
| 020 |
|
|
|a 9783319053592
|9 978-3-319-05359-2
|
| 024 |
7 |
|
|a 10.1007/978-3-319-05359-2
|2 doi
|
| 040 |
|
|
|d GrThAP
|
| 050 |
|
4 |
|a QA76.758
|
| 072 |
|
7 |
|a UMZ
|2 bicssc
|
| 072 |
|
7 |
|a COM051230
|2 bisacsh
|
| 082 |
0 |
4 |
|a 005.1
|2 23
|
| 245 |
1 |
0 |
|a Measurement, Modelling, and Evaluation of Computing Systems and Dependability and Fault Tolerance
|h [electronic resource] :
|b 17th International GI/ITG Conference, MMB & DFT 2014, Bamberg, Germany, March 17-19, 2014. Proceedings /
|c edited by Kai Fischbach, Udo R. Krieger.
|
| 264 |
|
1 |
|a Cham :
|b Springer International Publishing :
|b Imprint: Springer,
|c 2014.
|
| 300 |
|
|
|a XIV, 265 p. 124 illus.
|b online resource.
|
| 336 |
|
|
|a text
|b txt
|2 rdacontent
|
| 337 |
|
|
|a computer
|b c
|2 rdamedia
|
| 338 |
|
|
|a online resource
|b cr
|2 rdacarrier
|
| 347 |
|
|
|a text file
|b PDF
|2 rda
|
| 490 |
1 |
|
|a Lecture Notes in Computer Science,
|x 0302-9743 ;
|v 8376
|
| 505 |
0 |
|
|a Performance and dependability evaluation of systems including networks -- Computer architectures -- Distributed systems -- Workflow systems -- Software, fault-tolerant and secure systems.
|
| 520 |
|
|
|a This book constitutes the refereed proceedings of the 17th International GI/ITG Conference on Measurement, Modeling and Evaluation of Computing Systems and Dependability and Fault-Tolerance, MMB & DFT 2014, held in Bamberg, Germany, in March 2014. The 21 papers presented (2 invited papers, 3 tool papers and 16 full papers) were carefully reviewed and selected from numerous submissions. MMB & DFT 2014 cover all aspects of performance and dependability evaluation of systems including networks, computer architectures, distributed systems, workflow systems, software, fault-tolerant and secure systems. The conference also featured 3 satellite workshops namely the International Workshop on Demand Modeling and Quantitative Analysis of Future Generation Energy Networks and Energy-Efficient Systems, FGENET 2014; the International Workshop on Modeling, Analysis and Management of Social Networks and their Applications, SOCNET 2014 and the 2nd Workshop on Network Calculus, WoNeCa 2014.
|
| 650 |
|
0 |
|a Computer science.
|
| 650 |
|
0 |
|a Computer communication systems.
|
| 650 |
|
0 |
|a Computer programming.
|
| 650 |
|
0 |
|a Software engineering.
|
| 650 |
|
0 |
|a Programming languages (Electronic computers).
|
| 650 |
|
0 |
|a Computer logic.
|
| 650 |
1 |
4 |
|a Computer Science.
|
| 650 |
2 |
4 |
|a Software Engineering.
|
| 650 |
2 |
4 |
|a Programming Languages, Compilers, Interpreters.
|
| 650 |
2 |
4 |
|a Computer Communication Networks.
|
| 650 |
2 |
4 |
|a Information Systems Applications (incl. Internet).
|
| 650 |
2 |
4 |
|a Logics and Meanings of Programs.
|
| 650 |
2 |
4 |
|a Programming Techniques.
|
| 700 |
1 |
|
|a Fischbach, Kai.
|e editor.
|
| 700 |
1 |
|
|a Krieger, Udo R.
|e editor.
|
| 710 |
2 |
|
|a SpringerLink (Online service)
|
| 773 |
0 |
|
|t Springer eBooks
|
| 776 |
0 |
8 |
|i Printed edition:
|z 9783319053585
|
| 830 |
|
0 |
|a Lecture Notes in Computer Science,
|x 0302-9743 ;
|v 8376
|
| 856 |
4 |
0 |
|u http://dx.doi.org/10.1007/978-3-319-05359-2
|z Full Text via HEAL-Link
|
| 912 |
|
|
|a ZDB-2-SCS
|
| 912 |
|
|
|a ZDB-2-LNC
|
| 950 |
|
|
|a Computer Science (Springer-11645)
|